[Event "Stare Mesto op"]
[Site "Stare Mesto"]
[Date "2010.08.18"]
[Round "7"]
[White "Gil, Ludovic"]
[Black "Horsak, Jan"]
[Result "0-1"]
[WhiteElo "1942"]
[BlackElo "2089"]
[PlyCount "80"]
[EventDate "2010.08.13"]
[EventType "swiss"]
[EventRounds "10"]
[EventCountry "CZE"]
[SourceTitle "CBM 138 Extra"]
[Source "ChessBase"]
[SourceDate "2010.10.29"]
[SourceVersion "1"]
[SourceVersionDate "2010.10.29"]
[SourceQuality "1"]

1. Nf3 d5 2. d4 Bf5 3. g3 e6 4. Bg2 c5 5. 0-0 Nc6 6. c3 Nf6 7. Nbd2 Bd6 8. dxc5 Bxc5 9. Nb3 Bd6 10. Nbd4 Be4 11. Nxc6 bxc6 12. Qa4 Qd7 13. Nd4 Bxg2 14. Kxg2 Rc8 15. c4 h5 16. cxd5 exd5 17. h4 0-0 18. Nf3 Rfe8 19. Be3 Ng4 20. Bd4 Rxe2 21. Qxa7 Qxa7 22. Bxa7 c5 23. Kg1 Rxb2 24. Rad1 d4 25. Rb1 Rxa2 26. Rb7 d3 27. Rd7 Bf8 28. Ng5 Ne5 29. Rb7 Nc6 30. Bb6 Rb2 31. Ne4 Nd8 32. Rc7 Rxc7 33. Bxc7 Ne6 34. Be5 Rc2 35. Rd1 c4 36. Nd2 f6 37. Ba1 Bb4 38. Nf3 d2 39. Kf1 c3 40. Ke2 Rc1 0-1

[Event "Stare Mesto op"]
[Site "Stare Mesto"]
[Date "2010.08.17"]
[Round "6"]
[White "Gil, Ludovic"]
[Black "Jakubek, Peter"]
[Result "1/2-1/2"]
[WhiteElo "1942"]
[BlackElo "2113"]
[PlyCount "56"]
[EventDate "2010.08.13"]
[EventType "swiss"]
[EventRounds "10"]
[EventCountry "CZE"]
[SourceTitle "CBM 138 Extra"]
[Source "ChessBase"]
[SourceDate "2010.10.29"]
[SourceVersion "1"]
[SourceVersionDate "2010.10.29"]
[SourceQuality "1"]

1. Nf3 Nf6 2. g3 b5 3. Bg2 Bb7 4. 0-0 e6 5. d4 Be7 6. b3 0-0 7. Bb2 d5 8. Nbd2 b4 9. c4 bxc3 10. Bxc3 c5 11. Rc1 Nbd7 12. dxc5 Bxc5 13. Ne5 Rc8 14. Nxd7 Nxd7 15. b4 Be7 16. e4 Nf6 17. exd5 Nxd5 18. Bd4 Rxc1 19. Qxc1 Bxb4 20. Qb2 Bxd2 21. Qxb7 Qb8 22. Qxb8 Rxb8 23. Bxa7 Ra8 24. Rd1 Bb4 25. Bxd5 exd5 26. Rd4 Bf8 27. Bb6 Ra6 28. Bc7 Rxa2 1/2-1/2

[Event "Stare Mesto op"]
[Site "Stare Mesto"]
[Date "2010.08.15"]
[Round "4"]
[White "Gil, Ludovic"]
[Black "Valenta, Vit"]
[Result "1-0"]
[WhiteElo "1942"]
[BlackElo "2179"]
[PlyCount "113"]
[EventDate "2010.08.13"]
[EventType "swiss"]
[EventRounds "10"]
[EventCountry "CZE"]
[SourceTitle "CBM 138 Extra"]
[Source "ChessBase"]
[SourceDate "2010.10.29"]
[SourceVersion "1"]
[SourceVersionDate "2010.10.29"]
[SourceQuality "1"]

1. Nf3 Nf6 2. g3 d6 3. d4 Nbd7 4. Bg2 e5 5. 0-0 g6 6. b3 Bg7 7. Bb2 exd4 8. Bxd4 0-0 9. c4 Re8 10. Nbd2 Nf8 11. Re1 Ne6 12. Bb2 a5 13. a3 Bd7 14. Nd4 Qc8 15. Nxe6 Bxe6 16. Qc2 Bg4 17. e4 Bh3 18. e5 dxe5 19. Bxe5 Bxg2 20. Kxg2 Re6 21. Nf3 Qe8 22. Bxc7 Ne4 23. Rad1 Qc6 24. Rd5 Nc5 25. Rxe6 fxe6 26. Rd8+ Rxd8 27. Bxd8 e5 28. Bxa5 e4 29. Ne1 Nd3 30. Kg1 Qc5 31. Bb4 Qd4 32. Nxd3 exd3 33. Qd2 h5 34. Kg2 Kh7 35. Qe3 Qd7 36. f4 Bb2 37. a4 Qc6+ 38. Qf3 Qb6 39. Qf2 Bd4 40. Qe1 Qc6+ 41. Kh3 Qd7+ 42. Kg2 h4 43. h3 hxg3 44. Kxg3 Bf6 45. Bd2 Qd4 46. Qe3 Qd7 47. a5 Bd8 48. b4 Bc7 49. h4 Bd8 50. Qe4 Kg7 51. b5 Bf6 52. Qd5 Qe7 53. Qxd3 Bxh4+ 54. Kg4 Bf6 55. Bc3 Bxc3 56. Qxc3+ Kf7 57. Kg3 1-0

[Event "Badalona op 34th"]
[Site "Badalona"]
[Date "2008.08.03"]
[Round "3"]
[White "Gil, Ludovic"]
[Black "Pereda Villalba, Julian"]
[Result "1-0"]
[WhiteElo "1901"]
[BlackElo "1803"]
[PlyCount "83"]
[EventDate "2008.08.01"]
[EventType "swiss"]
[EventRounds "9"]
[EventCountry "ESP"]
[SourceTitle "CBM 125 Extra"]
[Source "ChessBase"]
[SourceDate "2008.09.01"]
[SourceVersion "1"]
[SourceVersionDate "2008.09.01"]
[SourceQuality "1"]

1. Nf3 d5 2. d4 Nf6 3. g3 c6 4. Bg2 h6 5. 0-0 Bf5 6. b3 e6 7. Bb2 Bd6 8. Nbd2 0-0 9. c4 Nbd7 10. Rc1 Ne4 11. a3 Bh7 12. b4 a6 13. Ne5 Nxd2 14. Qxd2 Nf6 15. cxd5 exd5 16. f3 Re8 17. e4 dxe4 18. Qf4 g5 19. Qe3 Nd5 20. Qb3 e3 21. f4 Bxe5 22. fxe5 Rc8 23. Rc5 e2 24. Re1 b6 25. Bxd5 cxd5 26. Rxd5 Qe7 27. Rxe2 Bf5 28. Qf3 Be6 29. Rd6 Bc4 30. Rf2 Red8 31. Rxh6 Kg7 32. Qh5 Rh8 33. Rff6 Rcg8 34. d5 Be2 35. Qxg5+ Kf8 36. Rxh8 Rxh8 37. e6 Bh5 38. Qf5 Ke8 39. exf7+ Bxf7 40. Qc8+ Qd8 41. Qxd8+ Kxd8 42. Rxf7 1-0

[Event "Calvi Balagne op 05th"]
[Site "Calvi"]
[Date "2008.04.07"]
[Round "2"]
[White "Gil, Ludovic"]
[Black "Macak, Stefan"]
[Result "0-1"]
[WhiteElo "1862"]
[BlackElo "2342"]
[PlyCount "102"]
[EventDate "2008.04.06"]
[EventType "swiss"]
[EventRounds "9"]
[EventCountry "FRA"]
[SourceTitle "CBM 123 Extra"]
[Source "ChessBase"]
[SourceDate "2008.05.06"]
[SourceVersion "1"]
[SourceVersionDate "2008.05.06"]
[SourceQuality "1"]

1. Nf3 Nf6 2. g3 b5 3. Bg2 Bb7 4. 0-0 e6 5. d4 c5 6. dxc5 Bxc5 7. b3 0-0 8. Bb2 d5 9. Nbd2 Nbd7 10. Rc1 Qb6 11. e3 Rfe8 12. Ne5 Nxe5 13. Bxe5 Nd7 14. Nf3 Nxe5 15. Nxe5 Bxe3 16. Nd7 Qd8 17. Nf6+ Qxf6 18. fxe3 Qe5 19. Qf3 Re7 20. Kh1 Rc8 21. Rf2 Rc3 22. Re1 d4 23. Qf4 Bxg2+ 24. Rxg2 Qxf4 25. exf4 Rec7 26. Rd1 Rxc2 27. Rxc2 Rxc2 28. Rxd4 Kf8 29. a4 bxa4 30. Rxa4 Rc7 31. Kg2 Rb7 32. b4 Ke7 33. Kf3 Kd6 34. Ra5 Kc6 35. Ke3 Kb6 36. f5 Re7 37. Re5 f6 38. Rxe6+ Rxe6+ 39. fxe6 Kc6 40. Kd4 Kd6 41. e7 Kxe7 42. Kc5 f5 43. h4 h5 44. Kc6 g5 45. hxg5 f4 46. gxf4 h4 47. Kb7 h3 48. Kxa7 h2 49. b5 h1Q 50. b6 Kd7 51. b7 Kc6 0-1

[Event "EU-ch blitz"]
[Site "Ajaccio"]
[Date "2007.10.25"]
[Round "21"]
[White "Gil, Ludovic"]
[Black "Humeau, Cyril"]
[Result "1/2-1/2"]
[WhiteElo "1854"]
[BlackElo "2159"]
[PlyCount "185"]
[EventDate "2007.10.25"]
[EventType "swiss (blitz)"]
[EventRounds "32"]
[EventCountry "FRA"]
[SourceTitle "CBM 120 Extra"]
[Source "ChessBase"]
[SourceDate "2007.11.01"]
[SourceVersion "1"]
[SourceVersionDate "2007.11.01"]
[SourceQuality "1"]

1. Nf3 Nf6 2. g3 e6 3. Bg2 d5 4. c4 Be7 5. 0-0 0-0 6. d4 Nbd7 7. Qc2 dxc4 8. Qxc4 a6 9. Qc2 c5 10. Nc3 b5 11. Bg5 Bb7 12. dxc5 Nxc5 13. Rfd1 Qb6 14. Rac1 Rac8 15. a3 Rfd8 16. Rxd8+ Rxd8 17. h3 Ncd7 18. e4 h6 19. Be3 Qc7 20. h4 Nf8 21. Nd4 Bc8 22. b4 e5 23. Nf5 Bxf5 24. exf5 Qb8 25. Nd5 Nxd5 26. Bxd5 Nh7 27. Bg2 Nf6 28. Bc5 Qc7 29. Bxe7 Qxe7 30. Re1 Qd6 31. Qe2 e4 32. Kh2 Kh7 33. Bxe4 Nxe4 34. Qxe4 f6 35. Rc1 Qd2 36. Rc2 Qd6 37. Kg2 Rd7 38. Rc6 Qd1 39. Rxa6 Qb3 40. Rb6 Qxa3 41. Rxb5 Qc3 42. Rc5 Qd2 43. Rc2 Qd6 44. Kf3 Qd1+ 45. Kg2 Qd6 46. Rc8 Rd8 47. Rxd8 Qxd8 48. g4 Qb6 49. Qc4 Qb7+ 50. f3 Qd7 51. Qc3 Qd6 52. h5 Qb6 53. Kf1 Qb5+ 54. Ke1 Qd5 55. Ke2 Qb5+ 56. Kd2 Qd5+ 57. Kc2 Qa2+ 58. Kd3 Qd5+ 59. Qd4 Qxf3+ 60. Kc4 Qe2+ 61. Kb3 Qb5 62. Qe4 Qd7 63. g5 fxg5 64. f6+ Kg8 65. Qc4+ Kf8 66. f7 Qd1+ 67. Ka3 Qa1+ 68. Kb3 Qd1+ 69. Qc2 Qd5+ 70. Ka4 Qa8+ 71. Kb3 Qd5+ 72. Kb2 Qd4+ 73. Qc3 Qd5 74. Ka3 Qa8+ 75. Kb3 Qd5+ 76. Qc4 Qf3+ 77. Ka4 Qa8+ 78. Kb5 Qb7+ 79. Ka5 Qa8+ 80. Kb5 Qb7+ 81. Ka4 Qa7+ 82. Kb3 Qe3+ 83. Qc3 Qe6+ 84. Ka3 Qa6+ 85. Kb2 Qe2+ 86. Qc2 Qe5+ 87. Kb3 Qd5+ 88. Ka3 Qa8+ 89. Qa4 Qf3+ 90. Qb3 Qa8+ 91. Qa4 Qf3+ 92. Qb3 Qa8+ 93. Qa4 1/2-1/2

[Event "EU-ch blitz"]
[Site "Ajaccio"]
[Date "2007.10.25"]
[Round "5"]
[White "Mchedlishvili, Mikheil"]
[Black "Gil, Ludovic"]
[Result "1-0"]
[WhiteElo "2631"]
[BlackElo "1854"]
[PlyCount "32"]
[EventDate "2007.10.25"]
[EventType "swiss (blitz)"]
[EventRounds "32"]
[EventCountry "FRA"]
[SourceTitle "CBM 120 Extra"]
[Source "ChessBase"]
[SourceDate "2007.11.01"]
[SourceVersion "1"]
[SourceVersionDate "2007.11.01"]
[SourceQuality "1"]

1. e4 c5 2. Nf3 Nc6 3. Bb5 g6 4. Bxc6 bxc6 5. d4 cxd4 6. Qxd4 Nf6 7. e5 Nd5 8. 0-0 Bg7 9. c4 Nb6 10. Qh4 Qc7 11. Re1 c5 12. Bg5 e6 13. Nc3 a6 14. Ne4 Nxc4 15. Nf6+ Bxf6 16. Bxf6 Qd8 1-0

[Event "Bastia blindfold rap 2nd"]
[Site "Bastia"]
[Date "2007.05.19"]
[Round "4"]
[White "Massoni, Michael"]
[Black "Gil, Ludovic"]
[Result "1-0"]
[WhiteElo "2077"]
[BlackElo "1836"]
[PlyCount "83"]
[EventDate "2007.05.19"]
[EventType "swiss (rapid)"]
[EventRounds "5"]
[EventCountry "FRA"]
[SourceTitle "EXT 2008"]
[Source "ChessBase"]
[SourceDate "2007.11.25"]
[SourceVersion "1"]
[SourceVersionDate "2007.11.25"]
[SourceQuality "1"]

1. e4 c5 2. Nf3 Nc6 3. c3 g6 4. d4 cxd4 5. cxd4 Bg7 6. Nc3 d6 7. h3 e6 8. Bb5 Bd7 9. 0-0 Nge7 10. Be3 0-0 11. Qd2 a6 12. Bxc6 Nxc6 13. Rac1 Rc8 14. d5 Ne5 15. Nxe5 Bxe5 16. f4 Bg7 17. dxe6 Bxe6 18. Rfd1 Rc6 19. Bd4 Bxd4+ 20. Qxd4 Qb6 21. Qxb6 Rxb6 22. Rd2 Rd8 23. a3 Rc6 24. e5 d5 25. Rcd1 h5 26. Kf2 Rc7 27. Ne4 Kg7 28. Nf6 Rc4 29. g3 h4 30. b4 Rc3 31. Rd3 Rc2+ 32. R1d2 Rc7 33. Ke3 Bf5 34. Rxd5 Rxd5 35. Rxd5 hxg3 36. Ne8+ Kg8 37. Nxc7 g2 38. Rd1 Be4 39. Kxe4 g1Q 40. Rxg1 f5+ 41. Ke3 Kf7 42. Rc1 1-0

[Event "Pic d'Anie op 3rd"]
[Site "Pic d'Anie"]
[Date "2006.08.09"]
[Round "3"]
[White "Lejarre, Ludovic"]
[Black "Gil, Ludovic"]
[Result "1-0"]
[WhiteElo "2320"]
[BlackElo "1819"]
[PlyCount "63"]
[EventDate "2006.08.07"]
[EventType "swiss"]
[EventRounds "7"]
[EventCountry "FRA"]
[SourceTitle "CBM 113 Extra"]
[Source "ChessBase"]
[SourceDate "2006.09.14"]
[SourceVersion "1"]
[SourceVersionDate "2006.09.14"]
[SourceQuality "1"]

1. e4 c5 2. Nf3 Nc6 3. c3 d5 4. exd5 Qxd5 5. d4 cxd4 6. cxd4 g6 7. Nc3 Qd8 8. d5 Nb8 9. Bb5+ Bd7 10. 0-0 Bxb5 11. Nxb5 a6 12. Nc3 Nf6 13. Re1 Bg7 14. Qe2 Nbd7 15. Bg5 h6 16. Bh4 g5 17. Bg3 0-0 18. Qxe7 Qa5 19. Qd6 Nb6 20. b4 Qa3 21. Qxb6 Qxc3 22. Rad1 g4 23. Nh4 Nxd5 24. Qxb7 Nxb4 25. Bd6 a5 26. Bxf8 Rxf8 27. a4 Qb3 28. Qd7 Qc4 29. Nf5 Nc2 30. Re8 Rxe8 31. Qxe8+ Kh7 32. Ne7 1-0

[Event "Pic d'Anie op 3rd"]
[Site "Pic d'Anie"]
[Date "2006.08.08"]
[Round "2"]
[White "Gil, Ludovic"]
[Black "Tholey, Jean Paul"]
[Result "1-0"]
[WhiteElo "1819"]
[BlackElo "2038"]
[PlyCount "109"]
[EventDate "2006.08.07"]
[EventType "swiss"]
[EventRounds "7"]
[EventCountry "FRA"]
[SourceTitle "CBM 113 Extra"]
[Source "ChessBase"]
[SourceDate "2006.09.14"]
[SourceVersion "1"]
[SourceVersionDate "2006.09.14"]
[SourceQuality "1"]

1. d4 Nf6 2. Nf3 g6 3. g3 Bg7 4. Bg2 d5 5. 0-0 e6 6. c4 0-0 7. e3 Nbd7 8. Nbd2 c6 9. b3 Re8 10. Bb2 Ne4 11. Rc1 Ndf6 12. Qc2 Bd7 13. Rfd1 Rc8 14. Nxe4 Nxe4 15. Nd2 Nf6 16. Qd3 Qe7 17. Kh1 Red8 18. Kg1 Be8 19. Qe2 Nd7 20. Nf3 dxc4 21. Rxc4 f6 22. Rcc1 Bf7 23. Rc2 Qb4 24. Qd2 Qb6 25. Qe2 Bf8 26. Nd2 c5 27. dxc5 Bxc5 28. Ne4 e5 29. b4 Qxb4 30. Rxd7 Be7 31. Rxc8 Rxc8 32. Qd2 Qxd2 33. Rxd2 Bxa2 34. Nc3 Be6 35. Bxb7 Rb8 36. Bd5 Kf7 37. Bxe6+ Kxe6 38. Kf1 Bb4 39. Rc2 Rc8 40. Rc1 a5 41. Ke2 Rd8 42. Rc2 Bxc3 43. Rxc3 Rb8 44. Ba3 Rb5 45. e4 f5 46. exf5+ gxf5 47. Rc5 Rxc5 48. Bxc5 Kd5 49. Ba3 Kc4 50. Bb2 e4 51. Ke3 a4 52. Kf4 Kd3 53. Kxf5 e3 54. fxe3 Kxe3 55. Kg4 1-0

[Event "Condom op 5th"]
[Site "Condom"]
[Date "2006.07.10"]
[Round "3"]
[White "Gil, Ludovic"]
[Black "Simon, Olivier"]
[Result "0-1"]
[WhiteElo "1819"]
[BlackElo "2403"]
[PlyCount "28"]
[EventDate "2006.07.08"]
[EventType "swiss"]
[EventRounds "9"]
[EventCountry "FRA"]
[SourceTitle "CBM 113 Extra"]
[Source "ChessBase"]
[SourceDate "2006.09.14"]
[SourceVersion "1"]
[SourceVersionDate "2006.09.14"]
[SourceQuality "1"]

1. d4 Nf6 2. c4 g6 3. Nc3 Bg7 4. e4 d6 5. Bd3 0-0 6. Nge2 c5 7. d5 e6 8. 0-0 Ng4 9. f4 exd5 10. exd5 Nh6 11. Ng3 Bd4+ 12. Kh1 Ng4 13. Qf3 Nxh2 14. Qe2 Qh4 0-1

[Event "Calvi Balagne op 03rd"]
[Site "Calvi"]
[Date "2006.02.26"]
[Round "8"]
[White "Dubois, Martine"]
[Black "Gil, Ludovic"]
[Result "1/2-1/2"]
[WhiteElo "2003"]
[BlackElo "1785"]
[PlyCount "61"]
[EventDate "2006.02.19"]
[EventType "swiss"]
[EventRounds "9"]
[EventCountry "FRA"]
[SourceTitle "CBM 110 Extra"]
[Source "ChessBase"]
[SourceDate "2006.03.10"]
[SourceVersion "2"]
[SourceVersionDate "2006.03.10"]
[SourceQuality "1"]

1. e4 c5 2. c3 d5 3. exd5 Qxd5 4. d4 g6 5. dxc5 Qxc5 6. Be3 Qa5 7. Na3 Bd7 8. Nc4 Qc7 9. Bd4 Nf6 10. Be5 Qc5 11. Nd6+ exd6 12. Bxf6 Rg8 13. Qe2+ Be6 14. Nf3 Nc6 15. Ng5 Qf5 16. Nxe6 fxe6 17. Bh4 Bh6 18. g4 Qd5 19. Rd1 Qxh1 20. Qxe6+ Kf8 21. Qxd6+ Ke8 22. Qe6+ Kf8 23. Qf6+ Ke8 24. Rd4 Rg7 25. Qe6+ Kf8 26. Qf6+ Ke8 27. Rd6 Qe4+ 28. Be2 Qh1+ 29. Bf1 Qe4+ 30. Be2 Qh1+ 31. Bf1 1/2-1/2

[Event "Bastiais Master 2nd"]
[Site "Bastia"]
[Date "2005.11.18"]
[Round "5"]
[White "Gil, Ludovic"]
[Black "Rossi, Pascal"]
[Result "0-1"]
[WhiteElo "1803"]
[BlackElo "1814"]
[PlyCount "62"]
[EventDate "2005.10.07"]
[EventType "swiss"]
[EventRounds "7"]
[EventCountry "FRA"]
[SourceTitle "EXT 2007"]
[Source "ChessBase"]
[SourceDate "2006.11.23"]
[SourceVersion "1"]
[SourceVersionDate "2006.11.23"]
[SourceQuality "1"]

1. d4 Nf6 2. c4 c5 3. e3 g6 4. Nc3 cxd4 5. exd4 Bg7 6. Nf3 0-0 7. Be2 d5 8. 0-0 Nc6 9. Bg5 dxc4 10. Bxc4 Bg4 11. d5 Ne5 12. Bxf6 Bxf3 13. gxf3 Bxf6 14. Bb3 Rc8 15. Kh1 Nc4 16. Bxc4 Rxc4 17. Qb3 Rh4 18. Ne2 Be5 19. f4 Bxf4 20. Nxf4 Rxf4 21. Qxb7 Qd6 22. Qc6 Qe5 23. f3 Qxb2 24. Qc7 Qf6 25. Qxa7 Rxf3 26. Qg1 Rd8 27. Qg2 Rxf1+ 28. Rxf1 Qd4 29. Re1 Rb8 30. a3 Rb2 31. Qe4 Qd2 0-1

[Event "Porticcio op 6th"]
[Site "Porticcio"]
[Date "2005.03.??"]
[Round "2"]
[White "Jaulneau, Christophe"]
[Black "Gil, Ludovic"]
[Result "1-0"]
[WhiteElo "1860"]
[BlackElo "1790"]
[PlyCount "53"]
[EventDate "2005.03.??"]
[EventType "swiss"]
[EventRounds "7"]
[EventCountry "FRA"]
[SourceTitle "EXT 2007"]
[Source "ChessBase"]
[SourceDate "2006.11.23"]
[SourceVersion "1"]
[SourceVersionDate "2006.11.23"]
[SourceQuality "1"]

1. c4 e5 2. g3 Nf6 3. Bg2 Bc5 4. e3 0-0 5. Ne2 c6 6. 0-0 d5 7. cxd5 cxd5 8. d4 exd4 9. Nxd4 Nc6 10. Nxc6 bxc6 11. Qc2 Qb6 12. a3 a5 13. Nc3 Qa7 14. Na4 Nd7 15. Bd2 Ba6 16. Rfc1 Be7 17. Qxc6 Nf6 18. Qc7 Qxc7 19. Rxc7 Bd6 20. Rc6 Be7 21. Rcc1 h6 22. Nc5 Bc4 23. b3 Bxc5 24. bxc4 Rac8 25. cxd5 Nxd5 26. Bxd5 Rfd8 27. e4 1-0

[Event "Calvi Balagne op 02nd"]
[Site "Calvi"]
[Date "2005.02.21"]
[Round "3"]
[White "Gil, Ludovic"]
[Black "Wojnowski, Krzysztof"]
[Result "1/2-1/2"]
[WhiteElo "1790"]
[BlackElo "1520"]
[PlyCount "57"]
[EventDate "2005.02.20"]
[EventType "swiss"]
[EventRounds "9"]
[EventCountry "FRA"]
[SourceTitle "CBM 105 Extra"]
[Source "ChessBase"]
[SourceDate "2005.05.01"]
[SourceVersion "1"]
[SourceVersionDate "2005.05.01"]
[SourceQuality "1"]

1. e4 d6 2. d4 Nf6 3. Nc3 g6 4. Nf3 Bg7 5. Bc4 0-0 6. 0-0 Bg4 7. h3 Bxf3 8. Qxf3 e5 9. dxe5 dxe5 10. Bg5 h6 11. Bh4 g5 12. Bg3 Nc6 13. Rad1 Qe7 14. Rd2 Nd4 15. Qe3 Rad8 16. Rfd1 c6 17. Ne2 Nxe2+ 18. Bxe2 Rxd2 19. Rxd2 b6 20. f3 Nh5 21. Bf2 Nf4 22. a3 Nxe2+ 23. Qxe2 Rd8 24. Rxd8+ Qxd8 25. Qd3 Qe7 26. Qc4 Qd6 27. Qd3 Qe7 28. Qc4 Qd6 29. Qd3 1/2-1/2

[Event "Calvi Balagne op 02nd"]
[Site "Calvi"]
[Date "2005.02.20"]
[Round "1"]
[White "Gil, Ludovic"]
[Black "Luciani, Thibault"]
[Result "1-0"]
[WhiteElo "1790"]
[BlackElo "1540"]
[PlyCount "73"]
[EventDate "2005.02.20"]
[EventType "swiss"]
[EventRounds "9"]
[EventCountry "FRA"]
[SourceTitle "CBM 105 Extra"]
[Source "ChessBase"]
[SourceDate "2005.05.01"]
[SourceVersion "1"]
[SourceVersionDate "2005.05.01"]
[SourceQuality "1"]

1. e4 e5 2. Nf3 Nf6 3. Nxe5 d6 4. Nf3 Nxe4 5. d4 d5 6. Bd3 Be7 7. 0-0 0-0 8. c4 Bf5 9. cxd5 Qxd5 10. Bxe4 Bxe4 11. Nc3 Qf5 12. Nxe4 Qxe4 13. Re1 Qd5 14. Rxe7 Nd7 15. Ne5 Rad8 16. Rxd7 Rxd7 17. Nxd7 Qxd7 18. Be3 Rd8 19. Qb3 c6 20. Re1 Re8 21. Bd2 Rxe1+ 22. Bxe1 Qe6 23. Qxe6 fxe6 24. Kf1 Kf7 25. Bc3 g6 26. Ke2 Ke8 27. Ke3 Kd7 28. Ke4 b6 29. Ke5 a5 30. a4 Ke7 31. h4 h6 32. g4 g5 33. hxg5 hxg5 34. Bd2 c5 35. dxc5 bxc5 36. Bxa5 Kd7 37. Bd2 1-0

[Event "Corsica CC-A"]
[Site "Corsica"]
[Date "2004.08.08"]
[Round "8"]
[White "Meyssonnier, Patrick"]
[Black "Gil, Ludovic"]
[Result "1-0"]
[WhiteElo "1820"]
[BlackElo "1660"]
[PlyCount "69"]
[EventDate "2004.08.01"]
[EventType "tourn"]
[EventRounds "9"]
[EventCountry "FRA"]
[SourceTitle "EXT 2008"]
[Source "ChessBase"]
[SourceDate "2007.11.25"]
[SourceVersion "1"]
[SourceVersionDate "2007.11.25"]
[SourceQuality "1"]

1. e4 c5 2. Nf3 Nc6 3. d4 cxd4 4. Nxd4 Nf6 5. Nc3 e5 6. Ndb5 d6 7. Nd5 Nxd5 8. exd5 Nb8 9. c4 Be7 10. Be3 Bd7 11. Nc3 0-0 12. Bd3 f5 13. Qc2 Na6 14. a3 Bg5 15. 0-0 Bxe3 16. fxe3 Qg5 17. Rae1 Nc5 18. Be2 Qxe3+ 19. Kh1 Qg5 20. b4 Na6 21. Rf2 Rf6 22. Ref1 Rg6 23. Bd3 e4 24. Nxe4 fxe4 25. Bxe4 Rh6 26. Rf7 Qh5 27. g3 Rf6 28. R1xf6 gxf6 29. Rxd7 Re8 30. Rxh7 Qe5 31. Rxb7 f5 32. Bd3 Qa1+ 33. Kg2 Qxa3 34. Qd2 Qb3 35. Qg5+ 1-0

[Event "Corsica CC-A"]
[Site "Corsica"]
[Date "2004.08.07"]
[Round "7"]
[White "Autran, Yann"]
[Black "Gil, Ludovic"]
[Result "1-0"]
[WhiteElo "1998"]
[BlackElo "1660"]
[PlyCount "67"]
[EventDate "2004.08.01"]
[EventType "tourn"]
[EventRounds "9"]
[EventCountry "FRA"]
[SourceTitle "EXT 2008"]
[Source "ChessBase"]
[SourceDate "2007.11.25"]
[SourceVersion "1"]
[SourceVersionDate "2007.11.25"]
[SourceQuality "1"]

1. e4 c5 2. Nc3 Nc6 3. f4 e6 4. Nf3 d5 5. e5 Bd7 6. g3 Nge7 7. Bg2 Nc8 8. 0-0 Nb6 9. d3 Be7 10. a4 a5 11. Nb5 Na7 12. Nxa7 Rxa7 13. b3 0-0 14. c4 Bc6 15. Qc2 Ra8 16. Bb2 d4 17. Bc1 h6 18. Bd2 Qd7 19. Qd1 Qd8 20. Qe1 Qd7 21. Qd1 Qd8 22. Qe1 Qd7 23. Bxa5 Bd8 24. Bd2 Bc7 25. Qe2 Nc8 26. Nh4 Ne7 27. Be4 b6 28. Rae1 g6 29. Qf3 Bxe4 30. Rxe4 h5 31. h3 Bd8 32. Ng2 Nf5 33. Re2 Nh6 34. Qxa8 1-0

[Event "Corsica CC-A"]
[Site "Corsica"]
[Date "2004.08.04"]
[Round "4"]
[White "Gil, Ludovic"]
[Black "Cristofari, Antoine"]
[Result "0-1"]
[WhiteElo "1660"]
[BlackElo "2091"]
[PlyCount "62"]
[EventDate "2004.08.01"]
[EventType "tourn"]
[EventRounds "9"]
[EventCountry "FRA"]
[SourceTitle "EXT 2008"]
[Source "ChessBase"]
[SourceDate "2007.11.25"]
[SourceVersion "1"]
[SourceVersionDate "2007.11.25"]
[SourceQuality "1"]

1. e4 e5 2. Nf3 Nc6 3. Bc4 Bc5 4. c3 Nf6 5. d4 exd4 6. cxd4 Bb4+ 7. Nc3 Nxe4 8. 0-0 Nxc3 9. Qe1+ Be7 10. bxc3 d5 11. Bd3 0-0 12. Qe2 Bf6 13. Bf4 Bg4 14. h3 Re8 15. Be3 Bh5 16. Rab1 Bxd4 17. cxd4 Nxd4 18. Bxh7+ Kh8 19. Qd3 Nxf3+ 20. gxf3 g6 21. Rxb7 Kxh7 22. Bf4 Qf6 23. Bg3 c6 24. Kg2 a5 25. Rb6 Re6 26. Rc1 Rae8 27. Ra6 Re3 28. Qd2 Qxf3+ 29. Kh2 Re2 30. Qd4 R8e3 31. Rf1 Qxg3+ 0-1

[Event "Porticcio op 4th"]
[Site "Porticcio"]
[Date "2003.06.??"]
[Round "1"]
[White "Autran, Yann"]
[Black "Gil, Ludovic"]
[Result "1-0"]
[WhiteElo "2100"]
[BlackElo "1560"]
[PlyCount "55"]
[EventDate "2003.06.??"]
[EventType "swiss"]
[EventRounds "9"]
[EventCountry "FRA"]
[SourceTitle "EXT 2007"]
[Source "ChessBase"]
[SourceDate "2006.11.23"]
[SourceVersion "1"]
[SourceVersionDate "2006.11.23"]
[SourceQuality "1"]

1. c4 e5 2. Nc3 Nf6 3. g3 d5 4. cxd5 Nxd5 5. Bg2 c6 6. d3 Bb4 7. Bd2 0-0 8. Nf3 Re8 9. 0-0 Bg4 10. Qb3 Nxc3 11. bxc3 Ba5 12. Qxb7 Nd7 13. Qxc6 Rc8 14. Qa4 Bxc3 15. Bxc3 Rxc3 16. Qxg4 Nf6 17. Qg5 e4 18. dxe4 Rxe4 19. e3 Rg4 20. Qb5 Qb6 21. Qxb6 axb6 22. Rad1 h6 23. Nd4 Rc5 24. h4 Nh5 25. Bf3 Rg6 26. Nb3 Rf5 27. Rd8+ Kh7 28. Be4 1-0